| 000 | 00507nam a2200157 i 4500 | ||
|---|---|---|---|
| 001 | 46804 | ||
| 003 | ES-MaACL | ||
| 005 | 20230906161441.0 | ||
| 007 | t| | ||
| 008 | 030401s1968 sp ||||1| spa d | ||
| 100 | 1 |
_aConn, Howard F. _940199 |
|
| 245 | 1 | 0 |
_aTerapéutica 1968 / _cdirigido por Howard F. Conn ; [traducción y adaptación de la publicación anual Current Therapy]. |
| 260 |
_aBarcelona, etc. : _bSalvat, _c[1968] |
||
| 300 |
_aXXXVI, 1062 p. ; _c26 cm. |
||
| 852 |
_aES-MaACL _jC-34523 _bR.66719 |
||
| 999 |
_c46804 _d46804 |
||